| 000 | 01203nam a22003617a 4500 | ||
|---|---|---|---|
| 001 | 4036932 | ||
| 003 | OSt | ||
| 005 | 20210426083204.0 | ||
| 008 | 980701s1998 nyu b 001 0 eng | ||
| 010 | _a 98070380 | ||
| 020 | _a0809096641 | ||
| 040 |
_aDLC _cDLC _dDLC _beng |
||
| 041 | _aeng | ||
| 043 | _an-us--- | ||
| 050 | 0 | 0 |
_aKF8742 _b.H67 1998 |
| 080 |
_a340 _bH-80 |
||
| 082 | 0 | 0 |
_a347.73/26/09 _221 |
| 100 | 1 |
_aHorwitz, Morton J., _d1938- |
|
| 245 | 1 | 4 |
_aThe Warren Court and the pursuit of justice : _ba critical issue / _c/ by: Hill and Wang |
| 250 | _a1st edition | ||
| 260 |
_aNew York _bHill and Wang _c1998. |
||
| 300 |
_axii, 132 p. _c22 cm. |
||
| 365 | _b18 usd | ||
| 504 | _aIncludes bibliographical references (p. [119]-124) and index. | ||
| 600 | 1 | 0 |
_aWarren, Earl _d1891-1974. |
| 610 | 1 | 0 |
_aUnited States. _bSupreme Court _xHistory. |
| 650 | 0 |
_aLaw _xPolitical aspects. |
|
| 653 | _aსამართალი | ||
| 856 | 4 | 2 |
_3Book review (H-Net) _uhttp://www.h-net.org/review/hrev-a0a9d6-aa |
| 906 |
_a7 _bcbc _corignew _d2 _eopcn _f19 _gy-gencatlg |
||
| 942 |
_2udc _cBK _e1 |
||
| 999 |
_c1340 _d1340 |
||